| 000 | 00621nam a2200205 a 4500 | ||
|---|---|---|---|
| 005 | 20210219152906.0 | ||
| 008 | 991125n 000 0 eng u | ||
| 035 | _aUPN01000065921 | ||
| 100 | _aMartin, Judith A. | ||
| 222 |
_aCHILD ABUSE AND NEGLECT : _bTHE INTERNATIONAL JOURNAL |
||
| 245 | _aBattered children grown up : a follow-up study of individuals severely maltreated as children | ||
| 300 | _a75-88 | ||
| 362 | _a1992 16, no. 1 | ||
| 653 | 0 | _aADULTOS | |
| 653 | 0 | _aCARACTERISTICAS INDIVIDUALES | |
| 653 | 0 | _aNIÑO MALTRATADO | |
| 700 | _aElmer, Elizabeth | ||
| 904 |
_aAC _b003732 |
||
| 905 | _aArticulo | ||
| 999 |
_c63199 _d63199 |
||